| 000 | 00514nam a22001697a 4500 | ||
|---|---|---|---|
| 005 | 20250612150742.0 | ||
| 010 | _aENG-145302 | ||
| 020 |
_a9788182527072 _c665.00 |
||
| 035 | _aEN-128834 | ||
| 037 |
_bDBAD _adpl |
||
| 082 |
_a230.1 _21 |
||
| 245 | _a365 Stories of Indian Mythology | ||
| 260 |
_aMumbai _bWilco Publishing House _c2013 |
||
| 270 |
_bMumbai _k(91-22) 22041420 / 22842574 _l(91-22) 22041429 _mwilco@vsnl.com |
||
| 300 |
_a192p. _bcol.ill. _c28cm(pb) |
||
| 942 |
_2ddc _cEN _h230.1 _mSTO |
||
| 999 |
_c211768 _d211768 |
||